Geology

Сохранить в:
Библиографические подробности
Главные авторы: Engeln, O. D. von (Автор), Caster, Kenneth E (Автор)
Формат:
Язык:испанский
Опубликовано: Nueva York McGraw-Hill 1952
Предметы:
Метки: Добавить метку
Нет меток, Требуется 1-ая метка записи!

MARC

LEADER 00000nam a2200000 a 4500
001 UCR6300
003 CL-VaPUC
008 980423e19520000US |||||||||||||||||spa|d
082 0 4 |a 551.01  |b ENG  |2 21 
100 0 |a Engeln, O. D. von  |e author  |9 407424 
700 0 |a Caster, Kenneth E  |e author  |9 407425 
245 1 0 |a Geology 
300 |a 730 p 
942 |c BK 
945 |d 19980423 00:00:00  |a crobeson 
260 |a Nueva York  |b McGraw-Hill  |c 1952 
650 0 |a Geología   |9 260984 
650 0 |a Geomorfología   |9 261377 
650 7 |a CIENCIA DEL SUELO  |2 CL-VaPUC  |9 407426 
650 0 |a Ciencias de la tierra  |9 261541 
583 |a last modification  |c 19980423 00:00:00  |k Rodrigo Vera 
999 |c 268508  |d 268506 
952 |0 0  |1 0  |4 0  |6 551_010000000000000_ENG_1952  |7 0  |8 CCM  |9 301692  |a BIBCUR  |b BIBCUR  |d 2019-11-20  |i 1988913  |l 1  |o 551.01 ENG 1952  |p 1988913  |r 2025-04-22  |s 2025-03-07  |w 2019-11-20  |y BK  |k CIM